Score 0/30 Timer 05:00
4 Plays Today
% Correct
Adjective
98.2%
Who
97.4%
Wales
97.4%
June
97.3%
Spring
96.7%
Bishop
96.3%
Jupiter
96%
John
95%
Lions
94.4%
Curling
94.3%
Riboflavin
94.1%
Frappé
93.6%
Aurora
92.4%
Genesis
91.8%
Cancer
91.8%
% Correct
Ontario
91.3%
Brown
89.9%
Thunderball
87.8%
John Boy
86.1%
Indiana
85.4%
Fighting
84.5%
Legolas
82.4%
Screw
78.5%
Bumblebee
78.2%
Taylor
74.9%
Charlie
72.9%
Rudy
72.3%
Moody
69.6%
Sinatra
61.5%
Jones
59.9%
Remove Ads.
Support Sporcle.
Get the best of Sporcle when you Go Orange. This ad-free experience offers more features, more stats, and more fun while also helping to support Sporcle. Thank you for becoming a member.

You're not logged in!

Compare scores with friends on all Sporcle quizzes.
OR
Log In

Show Comments

Extras

Top Quizzes Today


Score Distribution

Your Account Isn't Verified!

In order to create a playlist on Sporcle, you need to verify the email address you used during registration. Go to your Sporcle Settings to finish the process.

Report this User

Report this user for behavior that violates our Community Guidelines.

Details: